000
00291nam a22001337a 4500
008
170615b xxu||||| |||| 00| 0 eng d
020
_a
9780813521664
041
_a
eng
080
_a
321
100
_a
19
101
_a
SHP
245
_a
CHANGING DIFFERENCIES
_c
JONES, R.J
942
_2
udc
_c
BK
999
_c
17646
_d
17646